01400nam a2200241Ia 4500952009700000952009700097952009700194999001700291008004100308020001500349050002200364100003100386245008600417260003200503300003600535500006600571505038300637519006301020650002601083650002701109650001501136942000701151 00104070a11b11d2007-01-08l0oLB1027 D46 2000p11 004154r2012-06-26t1w2012-06-26yLB 00104070a11b11d2007-01-08l0oLB1027 D46 2000p11 004155r2012-06-26t2w2012-06-26yLB 00104070a11b11d2008-05-29l0oLB1027 D46 2000p11 006944r2012-06-26t3w2012-06-26yLB c70695d70695120626s2000 mx 000 0 spa d a9682463371 aLB1027 bD46 2000 aDíaz Hernández, Carlos aEducar en valores b: Guía para padres y maestrosc/ Carlos, Díaz Hernández aMéxicob: Trillasc, 2002 a166 páginasb: ilustraciones  aIncluye: Indice de contenido, Reconocimiento, Carta prólogo aSus hijos los necesitan, los padres Sus alumnos los necesitan, maestros Los valores Enseñar valores, no imponer valores Forjar caracteres valiosos El niño hasta los seis años El niño de seis-siete años El niño de siete-ocho años El niño de ocho-nueve años El niño de nueve-10 años El niño de 10-11 años El niño de 11-12 años  aMaterial Complementario/ bPedagogía / d(11 004154)  0aVALORES (FILOSOFÍA) 0aCOGNICIÓN EN NIÑOS 0aINTELECTO  cLB